000 01406nam a2200277 a 4500
003 SISC
005 20170119153212.0
008 120906s19uu xx 00 eng d
020 _a9781849205696
050 _aHD 31
_b.T121 2011
100 _aTadajewski, Mark.
245 _aKey concepts in critical management studies /
_cMark Tadajewski.
260 _aLos Angeles, [Calif.] :
_bSAGE,
_c2011.
300 _a229 pages ;
_c21 cm.
440 _aSAGE key concepts.
500 _aIncludes bibliographical references and index.
520 _a Ideal as an introduction and as a quick reference, Key Concepts in Critical Management Studies explores the essential concepts used within the field today. Specially edited and written by a range of international experts, key ideas are succinctly explained and illustrated beyond a simple definition. Further reading suggestions and cross-referencing provide the reader with means to develop their knowledge further. With over 50 entries, from Actor Network Theory to Utopianism, readers have instant access and explanation of the most influential concepts in CMS literature. Clear and engaging, this.
650 _aManagement.
650 _aSocial sciences and management.
650 _aCritical theory.
700 _aMaclaran, Pauline.
700 _aParsons, Elizabeth.
700 _aParker, Martin.
942 _cBK
_2lcc
_kFOR
999 _c25440
_d25440